| 000 | 01291nam a2200349 i 4500 | ||
|---|---|---|---|
| 001 | bg | ||
| 003 | BPK | ||
| 005 | 20220609091013.0 | ||
| 008 | 001006s2000 pl a f f |001 0 pol | ||
| 015 | _aPB 2000/18686 | ||
| 020 | _a8320425298 | ||
| 040 |
_aWA N _cBPK |
||
| 041 | 0 | _apol | |
| 080 | _a621.311 | ||
| 080 | _a(075.8) | ||
| 100 | 1 |
_aLaudyn, Damazy _d(?-1999) _eAutor |
|
| 245 | 1 | 0 |
_aElektrownie / _cDamazy Laudyn, Maciej Pawlik, Franciszek Strzelczyk. |
| 250 | _aWyd. 4 popr. | ||
| 260 |
_aWarszawa : _bWydawnictwa Naukowo-Techniczne, _c2000. |
||
| 300 |
_a633, [3] s., [1] k. tabl. złoż. : _bil. ; _c24 cm. |
||
| 490 | 1 | _aPodręczniki Akademickie. Elektrotechnika. | |
| 504 | _aBibliogr. przy rozdz. - Indeks. | ||
| 521 | 8 | _aDla studentów wydz. elektrycznych i energetycznych wyższych szkół technicznych. | |
| 655 | 4 | _aPodręczniki akademickie | |
| 650 | 4 | _aElektrownie | |
| 710 | 2 |
_aWydawnictwa Naukowo-Techniczne _4pbl. |
|
| 700 | 1 |
_aPawlik, Maciej _d(1940- ) _eAutor |
|
| 700 | 1 |
_aStrzelczyk, Franciszek _d(1940- ) _eAutor |
|
| 856 |
_uhttp://koha.tu.koszalin.pl/cgi-bin/koha/opac-detail.pl?biblionumber=38245 _yKatalog online BPK |
||
| 830 | 0 |
_aPodręczniki Akademickie. _pElektrotechnika |
|
| 942 |
_2UKD _cKS |
||
| 999 |
_c38245 _d38245 |
||